| 000 | 00674nam a2200205 i 4500 | ||
|---|---|---|---|
| 001 | 187500 | ||
| 003 | ES-MaACL | ||
| 005 | 20240511063045.0 | ||
| 008 | 170912s1977 sp |||| | spa d | ||
| 020 | _a84-7232-136-3 | ||
| 080 | _a821.134.2-14"19" | ||
| 100 | 0 |
_aLópez Gradolí, Alfonso, _d1943- _973687 |
|
| 245 | 1 | 4 |
_aUna muchacha rodeada de espigas / _cAlfonso López Gradolí. |
| 260 |
_aMadrid : _bCultura Hispánica, _c1977. |
||
| 300 |
_a71 p. ; _c20 cm. |
||
| 490 | 1 |
_aColección poética "Leopoldo Panero" ; _v31 |
|
| 830 | 1 |
_aColección poética "Leopoldo Panero" ; _v31 _9182594 |
|
| 852 |
_aES-MaACL _jP-2 Nº 31 |
||
| 999 |
_c187500 _d187500 |
||